书目信息 |
| 题名: |
UG NX 3产品模具设计入门一点通
|
|
| 作者: | 杜智敏 , 陈永涛 , 何华妹 编著 | |
| 分册: | ||
| 出版信息: | 北京 清华大学出版社 2005 |
|
| 页数: | 357页 | |
| 开本: | 26cm | |
| 丛书名: | ||
| 单 册: | ||
| 中图分类: | TG76-39 | |
| 科图分类: | ||
| 主题词: | 模具--mu ju--计算机辅助设计--应用软件, UG NX 3 | |
| 电子资源: | ||
| ISBN: | 7-302-11741-1 | |
| 000 | 00967nam0 2200253 450 | |
| 005 | 20070515191016.40 | |
| 010 | @a7-302-11741-1@dCNY38.00 (含光盘) | |
| 010 | @a7-89494-823-3@b光盘 | |
| 100 | @a20051008d2005 em y0chiy0121 ea | |
| 101 | 0 | @achi |
| 102 | @aCN@b110000 | |
| 105 | @aa a 000yy | |
| 200 | 1 | @aUG NX 3产品模具设计入门一点通@Aug nx 3 chan pin mo ju she ji ru men yi dian tong@e中文版@f何华妹, 杜智敏, 陈永涛编著 |
| 210 | @a北京@c清华大学出版社@d2005 | |
| 215 | @a357页@c图@d26cm@e光盘1片 | |
| 320 | @a有书目。 | |
| 330 | @a本书详细地介绍了UG NX3软件二维草图、三维建模等模组的应用,同时又介绍了掌握产品模具设计的基本方法与技巧,为进一步展开各类型产品模具设计打下坚实的基础。 | |
| 606 | 0 | @a模具@Amu ju@x计算机辅助设计@x应用软件, UG NX 3 |
| 690 | @aTG76-39@v4 | |
| 701 | 0 | @a杜智敏@Adu zhi min@4编著 |
| 701 | 0 | @a陈永涛@Achen yong tao@4编著 |
| 701 | 0 | @a何华妹@Ahe hua mei@4编著 |
| 801 | 0 | @aCN@bTSU@c20070515 |
| 905 | @a10447@dTG76-39@e7 | |
| UG NX 3产品模具设计入门一点通:中文版/何华妹, 杜智敏, 陈永涛编著.-北京:清华大学出版社,2005 |
| 357页:图;26cm+光盘1片 |
| ISBN 7-302-11741-1:CNY38.00 (含光盘) |
| 本书详细地介绍了UG NX3软件二维草图、三维建模等模组的应用,同时又介绍了掌握产品模具设计的基本方法与技巧,为进一步展开各类型产品模具设计打下坚实的基础。 |
| ● |
| 相关链接 |
|
|
|
|
正题名:UG NX 3产品模具设计入门一点通
索取号:TG76-39/7
 
预约/预借
| 序号 | 登录号 | 条形码 | 馆藏地/架位号 | 状态 | 备注 |
| 1 | 0520557 | 205205570 | 第二样本阅览室/ [索取号:TG76-39/7] | 在馆 | |
| 2 | 0520558 | 205205589 | 第三借阅区/ [索取号:TG76-39/7] | 在馆 | |
| 3 | 0520559 | 205205598 | 第三借阅区/ [索取号:TG76-39/7] | 在馆 | |
| 4 | 0520560 | 205205605 | 第三借阅区/ [索取号:TG76-39/7] | 在馆 | |
| 5 | 0520561 | 205205614 | 第三借阅区/ [索取号:TG76-39/7] | 在馆 | |
| 6 | 0520562 | 205205623 | 第三借阅区/ [索取号:TG76-39/7] | 在馆 | |
| 7 | 0520563 | 205205632 | 第三借阅区/ [索取号:TG76-39/7] | 在馆 | |
| 8 | 0520564 | 205205641 | 第三借阅区/ [索取号:TG76-39/7] | 在馆 |